000
00344 a2200169 4500
001
169725
020
_a
978-85-08-10712-4
040
_c
Magnum
100
_a
Sabino, Fernando
240
1
0
_a
Martini seco
_l
por
245
1
0
_a
Martini seco
300
_a
85
362
0
_a
2008
440
1
_a
Ática
697
_a
LITERATURA GERAL
942
_c
BK
999
_c
169725
_d
169725